Everyday Grammar: (Record no. 190307)

MARC details
000 -LEADER
fixed length control field 00554nam a22001817a 4500
005 - DATE AND TIME OF LATEST TRANSACTION
control field 20220721162311.0
010 ## - LCCN (DPL NO)
LC control number ENG-133820
020 ## - INTERNATIONAL STANDARD BOOK NUMBER
Terms of availability 125.00
International Standard Book Number 9788182110019
035 ## - SYSTEM CONTROL NUMBER
System control number EN-117352
037 ## - SOURCE OF ACQUISITION
Source of stock number/acquisition DBAD/PUB
082 ## - DEWEY DECIMAL CLASSIFICATION NUMBER
Classification number 485
100 ## - MAIN ENTRY--PERSONAL NAME
Personal name Paul,Neeraj
245 ## - TITLE STATEMENT
Title Everyday Grammar:
Statement of responsibility, etc by Neeraj Paul
Remainder of title learning grammar could never be simpler/
260 ## - PUBLICATION, DISTRIBUTION, ETC. (IMPRINT)
Name of publisher, distributor, etc The Readers Paradise
Date of publication, distribution, etc 2012
Place of publication, distribution, etc New Delhi
270 ## - ADDRESS
Address 103,4787/23 Ansari Road,Daryaganj,
City New Delhi
Postal code 110002
300 ## - PHYSICAL DESCRIPTION
Extent 212p.
Dimensions 22cm(pbk)
942 ## - ADDED ENTRY ELEMENTS (KOHA)
Source of classification or shelving scheme Dewey Decimal Classification
Item type English Books
Classification part 485
Call number suffix PAU
Holdings
Withdrawn status Lost status Not for loan Collection code Home library Current library Date acquired Source of acquisition Cost, normal purchase price Full call number Barcode Copy number Cost, replacement price Koha item type
      Non-fiction Bawana Bawana 21/07/2022 DBAD/PUB 125.00 485 PAU EN-117352 1 125.00 English Books

© Delhi Public Library
Hit Counter
free hit counter